Statistiken für G20 nach Bevölkerung

Klicken Sie hier um das Quiz zu spielen!

Allgemein

  • Dieses Quiz wurde 83 mal gespielt
  • Das Durchschnittsergebnis liegt bei 8 aus 21

Antwortstatistiken

#BevölkerungG7/ BRICSMitgliedsstaat% Korrekt
1~ 335 Mio.jaUSA
100%
10~ 1429 Mio.jaIndien
81%
9~ 1426 Mio.jaChina
79%
14~ 84 Mio.jaDeutschland
78%
4~ 215 Mio.jaBrasilien
60%
2~ 40 Mio.jaKanada
52%
15~ 68 Mio.jaFrankreich
48%
6~ 124 Mio.jaJapan
41%
8~ 145 Mio.jaRussland
37%
StaatenverbundEU
33%
16~ 59 Mio.jaItalien
33%
11~ 280 Mio.neinIndonesien
32%
3~ 128 Mio.neinMexiko
30%
13~ 68 Mio.jaVereinigtes Königreich
27%
17~ 86 Mio.neinTürkei
21%
7~ 52 Mio.neinSüdkorea
14%
5~ 47 Mio.ja, ab 2024Argentinien
13%
StaatenverbundAU
8%
12~ 27 Mio.neinAustralien
6%
19~ 60 Mio.jaSüdafrika
5%
18~ 37 Mio.ja, ab 2024Saudi Arabien
3%

Verteilung der Resultate

Perzentil nach korrekt beantworteten Fragen

Anzahl Personen mit jedem Resultat

Ihre Resultats-Entwicklung

Sie haben dieses Quiz noch nicht gespielt